[Event "I Weekend A"]
[Site "Novara ITA"]
[Date "2011.11.04"]
[Round "1"]
[White "Aghayev, Miragha"]
[Black "Bargeri, Ludovico"]
[Result "1-0"]
[WhiteElo "2141"]
[BlackElo "1909"]
[PlyCount "63"]
[EventDate "2011.11.04"]

1. e4 e6 2. d4 d5 3. Nd2 Nf6 4. e5 Nfd7 5. f4 c5 6. c3 Nc6 7. Ndf3 Qb6 8. Ne2
f6 9. a3 a5 10. g3 Qd8 11. Bh3 Nb6 12. O-O a4 13. Qd3 c4 14. Qc2 f5 15. g4 g6
16. Ng3 Bg7 17. gxf5 exf5 18. Be3 Be6 19. Ng5 Qd7 20. Rf3 O-O 21. Kf2 Ne7 22.
Rg1 h6 23. Nxe6 Qxe6 24. Nf1 Ra6 25. Nd2 Rc8 26. Rfg3 Nd7 27. Nf3 Rcc6 28. Nh4
Nf8 29. Bxf5 gxf5 30. Rxg7+ Kh8 31. Nxf5 Neg6 32. h4 1-0

[Event "I Weekend A"]
[Site "Novara ITA"]
[Date "2011.11.04"]
[Round "1"]
[White "Bonade', Massimo"]
[Black "Salvador, Roland"]
[Result "0-1"]
[WhiteElo "2074"]
[BlackElo "2500"]
[PlyCount "84"]
[EventDate "2011.11.04"]

1. d4 Nf6 2. c4 c6 3. Nc3 d5 4. Nf3 dxc4 5. a4 Na6 6. e4 Bg4 7. Bxc4 Bxf3 8.
gxf3 Nb4 9. Be3 e6 10. Qb3 Qa5 11. Rg1 O-O-O 12. Rc1 Kb8 13. Bf4+ Ka8 14. Rg5
Qb6 15. Kf1 Nd7 16. Rd1 a5 17. Nb5 e5 18. dxe5 Nc5 19. Rxd8+ Qxd8 20. Qe3 cxb5
21. Bxb5 Qd1+ 22. Kg2 Ne6 23. Rf5 Bc5 24. Qc3 Rd8 25. Rxf7 Bd4 26. Qc1 Bxe5 27.
Qxd1 Nxf4+ 28. Rxf4 Rxd1 29. Rf8+ Ka7 30. f4 Bxb2 31. e5 Nd5 32. Rf7 Kb6 33.
Kf3 Rd4 34. e6 Ba3 35. f5 Rf4+ 36. Kg2 Bc5 37. f3 Rxf5 38. Rxg7 Nf4+ 39. Kh1
Re5 40. h4 h5 41. Bd7 Re1+ 42. Kh2 Bd6 0-1

[Event "I Weekend A"]
[Site "Novara ITA"]
[Date "2011.11.04"]
[Round "1"]
[White "Castrogiovanni, Carlo"]
[Black "Aranovitch, Emiliano"]
[Result "1/2-1/2"]
[WhiteElo "2027"]
[BlackElo "2343"]
[PlyCount "127"]
[EventDate "2011.11.04"]

1. d4 Nf6 2. c4 c5 3. d5 g6 4. Nc3 Bg7 5. Nf3 O-O 6. e4 d6 7. Be2 e6 8. O-O
exd5 9. exd5 Re8 10. Qc2 Na6 11. Bg5 h6 12. Bf4 Bf5 13. Qd2 g5 14. Be3 Ne4 15.
Nxe4 Bxe4 16. Rac1 Qf6 17. b3 Qb2 18. Qxb2 Bxb2 19. Rcd1 Nb4 20. Ne1 Bc3 21. a4
Bxe1 22. Rdxe1 Bc2 23. Bd1 Bd3 24. Be2 Bc2 25. Bd1 Bxd1 26. Rxd1 Nc2 27. Rd3
Re7 28. Rc3 Nb4 29. Re1 a6 30. Kf1 b5 31. f4 Rae8 32. axb5 axb5 33. fxg5 hxg5
34. Bd2 Rxe1+ 35. Bxe1 bxc4 36. bxc4 f5 37. h4 gxh4 38. Bxh4 Re4 39. g3 Kf7 40.
Bg5 Rd4 41. Ke2 Re4+ 42. Kf2 Rd4 43. Ke2 Ke8 44. Be3 Re4 45. Kf2 Kd7 46. Bf4
Na6 47. Kf3 Rd4 48. Be3 Re4 49. Bf4 Rd4 50. Be3 Rd1 51. Ra3 Nc7 52. Ke2 Rb1 53.
Bf4 Rb2+ 54. Kd3 Rb1 55. Ra2 Rd1+ 56. Kc3 Rh1 57. Rb2 Ne8 58. Rb7+ Kc8 59. Rf7
Rh5 60. Kb3 Kd8 61. Ka4 Rh1 62. Rxf5 Rb1 63. Bg5+ Kd7 64. Rf7+ 1/2-1/2

[Event "I Weekend A"]
[Site "Novara ITA"]
[Date "2011.11.04"]
[Round "1"]
[White "Di Lascio, Savino"]
[Black "Ranieri, Fabrizio"]
[Result "1/2-1/2"]
[WhiteElo "2015"]
[BlackElo "2282"]
[PlyCount "89"]
[EventDate "2011.11.04"]

1. e4 e6 2. Nf3 d5 3. e5 c5 4. g3 Ne7 5. Bg2 Nf5 6. h4 Be7 7. c3 Bd7 8. Na3 Nc6
9. Nc2 Rc8 10. d3 b5 11. Bg5 f6 12. Bf4 fxe5 13. Nxe5 O-O 14. Qe2 Bf6 15. Ng4
b4 16. O-O bxc3 17. Nxf6+ Qxf6 18. Bg5 Qe5 19. Qxe5 Nxe5 20. bxc3 Nxd3 21. g4
Nh6 22. Bxh6 gxh6 23. Rab1 Rb8 24. Rxb8 Rxb8 25. f4 Rb2 26. Ne3 Re2 27. Rf3 Ne1
28. Kf1 Rxg2 29. Kxe1 Rxa2 30. f5 Ra3 31. fxe6 Bxe6 32. Rf6 Bf7 33. Kd2 Ra2+
34. Ke1 d4 35. cxd4 cxd4 36. Nf5 d3 37. Nxh6+ Kg7 38. Rxf7+ Kxh6 39. Rd7 d2+
40. Kd1 a5 41. g5+ Kg6 42. Rd6+ Kg7 43. h5 a4 44. Rd7+ Kg8 45. Rd8+ 1/2-1/2

[Event "I Weekend A"]
[Site "Novara ITA"]
[Date "2011.11.04"]
[Round "1"]
[White "Esposito, Luca"]
[Black "Razzano, Lorenzo"]
[Result "1-0"]
[WhiteElo "2234"]
[BlackElo "1964"]
[PlyCount "95"]
[EventDate "2011.11.04"]

1. d4 g6 2. Nf3 Bg7 3. g3 b6 4. Bg2 Bb7 5. c4 d6 6. O-O Nd7 7. Nc3 e6 8. d5 e5
9. e4 Ne7 10. Ne1 O-O 11. Nd3 a6 12. Be3 h6 13. Qd2 Kh7 14. f4 Ng8 15. f5 Bf6
16. h4 g5 17. h5 Be7 18. g4 Ngf6 19. Bf3 c6 20. Rfc1 Rc8 21. dxc6 Bxc6 22. Nb4
Bb7 23. Ncd5 a5 24. Nxf6+ Nxf6 25. Nd5 Bxd5 26. cxd5 Nd7 27. Rc6 Nc5 28. Rd1
Rxc6 29. dxc6 Qc7 30. f6 Bxf6 31. Qxd6 Qxd6 32. Rxd6 Be7 33. Bxc5 Rc8 34. Rxh6+
Kxh6 35. Bxe7 Rxc6 36. Be2 f6 37. Bf8+ Kh7 38. Bd3 Kg8 39. Ba3 Rc1+ 40. Kf2 Kf7
41. Ke2 Kg7 42. Kd2 Rg1 43. Be2 Rg3 44. Bd6 b5 45. Bc5 b4 46. Bf2 Rg2 47. Ke1
Rh2 48. Kf1 1-0

[Event "I Weekend A"]
[Site "Novara ITA"]
[Date "2011.11.04"]
[Round "1"]
[White "Fronzi, Ettore"]
[Black "Topczewski, Damian"]
[Result "1/2-1/2"]
[WhiteElo "1946"]
[BlackElo "2214"]
[PlyCount "85"]
[EventDate "2011.11.04"]

1. d4 Nf6 2. c4 g6 3. Nf3 Bg7 4. Nc3 d6 5. e4 O-O 6. Be2 Na6 7. O-O Qe8 8. Re1
e5 9. dxe5 dxe5 10. b3 Nc5 11. Nd5 Nfxe4 12. Nxc7 Qc6 13. Nxa8 Nc3 14. Qc2 e4
15. Ba3 Nxe2+ 16. Qxe2 Bxa1 17. Rxa1 exf3 18. Qxf3 Qxf3 19. gxf3 Bh3 20. Bxc5
Rxa8 21. Rd1 a6 22. Be7 Kg7 23. Rd8 Rxd8 24. Bxd8 Kf8 25. f4 Ke8 26. Ba5 Kd7
27. f3 Kc6 28. Kf2 Bf5 29. Ke3 Bb1 30. Kd2 Kc5 31. Bc3 Kd6 32. Kc1 Bf5 33. Kd2
Bd7 34. Bd4 Ke6 35. a3 Kf5 36. Ke3 Be6 37. Bb6 Bd7 38. a4 Bc6 39. Bc7 Bd7 40.
Kd4 Bc6 41. Ke3 Bd7 42. Kd4 Bc6 43. Ke3 1/2-1/2

[Event "I Weekend A"]
[Site "Novara ITA"]
[Date "2011.11.04"]
[Round "1"]
[White "Gagliardi, Christian"]
[Black "Di Chiara, Mauro"]
[Result "1-0"]
[WhiteElo "2261"]
[BlackElo "1980"]
[PlyCount "51"]
[EventDate "2011.11.04"]

1. e4 d6 2. d4 Nf6 3. Nc3 g6 4. f4 Bg7 5. Nf3 O-O 6. Be2 c5 7. d5 b5 8. e5 dxe5
9. fxe5 Ng4 10. Nxb5 Nxe5 11. O-O a6 12. Nc3 Bb7 13. Bf4 Nbd7 14. Re1 Nxf3+ 15.
Bxf3 Nb6 16. Be5 Bxe5 17. Rxe5 Nc4 18. Re2 Qc7 19. Qe1 Rfe8 20. Na4 Rad8 21.
Qc3 Nb6 22. Qa5 Na8 23. Qxc7 Nxc7 24. c4 Rd6 25. Nxc5 Ba8 26. Rae1 1-0

[Event "I Weekend A"]
[Site "Novara ITA"]
[Date "2011.11.04"]
[Round "1"]
[White "Guzzetti, Luigi Enrico"]
[Black "Angelini, Marco"]
[Result "0-1"]
[WhiteElo "1928"]
[BlackElo "2173"]
[PlyCount "78"]
[EventDate "2011.11.04"]

1. e4 c5 2. Nf3 d6 3. d4 cxd4 4. Nxd4 Nf6 5. Nc3 a6 6. Be2 e6 7. O-O Nbd7 8.
Be3 b5 9. a3 Bb7 10. f3 Be7 11. a4 b4 12. Na2 d5 13. exd5 Nxd5 14. Bf2 O-O 15.
c3 bxc3 16. Nxc3 Nxc3 17. bxc3 Qc7 18. Qc2 Bd6 19. g3 Ne5 20. f4 Nc4 21. Bf3
Rab8 22. Be4 Bxe4 23. Qxe4 Nd2 24. Qd3 Nxf1 25. Rxf1 Ra8 26. Rd1 Rfd8 27. Qf3
g6 28. h4 Bf8 29. Re1 Rac8 30. Re3 Bg7 31. Rd3 Qc4 32. Kg2 Qxa4 33. g4 Qc4 34.
Qe4 Qd5 35. Qxd5 Rxd5 36. Rf3 h5 37. g5 a5 38. Ne2 a4 39. Be1 Rc4 0-1

[Event "I Weekend A"]
[Site "Novara ITA"]
[Date "2011.11.04"]
[Round "1"]
[White "Inkiov, Ventzislav V."]
[Black "D'Agostino, Maurizio"]
[Result "1-0"]
[WhiteElo "2456"]
[BlackElo "2044"]
[PlyCount "103"]
[EventDate "2011.11.04"]

1. e4 c5 2. Nf3 Nc6 3. d4 cxd4 4. Nxd4 e5 5. Nb5 a6 6. Nd6+ Bxd6 7. Qxd6 Qf6 8.
Qc7 Nge7 9. Nc3 Nb4 10. Bd3 d5 11. O-O O-O 12. f4 Nxd3 13. cxd3 exf4 14. Bxf4
Qe6 15. Bd6 Re8 16. Rae1 d4 17. Na4 Qd7 18. Nb6 Qxc7 19. Bxc7 Be6 20. Nxa8 Rxa8
21. a3 Nc6 22. b4 Rc8 23. Bg3 Bb3 24. Rc1 f6 25. e5 fxe5 26. Bxe5 Re8 27. Bd6
h6 28. Rce1 Rxe1 29. Rxe1 Bc2 30. Re8+ Kf7 31. Rc8 Ke6 32. Bf8 Kd7 33. Ra8 g6
34. Bxh6 Bxd3 35. Bf4 Be4 36. Kf2 Nd8 37. g4 Ne6 38. Bd2 Nc7 39. Rf8 Nb5 40. h4
Nd6 41. h5 Ke7 42. Rh8 Nf7 43. Rg8 gxh5 44. gxh5 Kf6 45. Bf4 Bh7 46. Re8 Bf5
47. h6 Bd7 48. Rb8 Kf5 49. Rxb7 Kxf4 50. Rxd7 Nxh6 51. Rxd4+ Ke5 52. Rd8 1-0

[Event "I Weekend A"]
[Site "Novara ITA"]
[Date "2011.11.04"]
[Round "1"]
[White "Petkov, Vladimir"]
[Black "Finocchiaro, Gianluca"]
[Result "1-0"]
[WhiteElo "2542"]
[BlackElo "2077"]
[PlyCount "59"]
[EventDate "2011.11.04"]

1. d4 Nf6 2. c4 c5 3. d5 b5 4. cxb5 a6 5. e3 axb5 6. Bxb5 Bb7 7. Nc3 g6 8. Nf3
Bg7 9. O-O O-O 10. e4 e6 11. Re1 Qb6 12. a4 Na6 13. Ne5 Nb4 14. Bg5 exd5 15.
exd5 Qd6 16. Bxf6 Bxf6 17. Nxd7 Bd4 18. Ne4 Qf4 19. Ndxc5 Bxc5 20. Nxc5 Bxd5
21. Nd7 Rfd8 22. Qc1 Qd6 23. Qc3 Rac8 24. Nf6+ Kh8 25. Re8+ Rxe8 26. Nxe8+ Rxc3
27. Nxd6 Rc2 28. b3 Rd2 29. Nc4 Rc2 30. Ne3 1-0

[Event "I Weekend A"]
[Site "Novara ITA"]
[Date "2011.11.04"]
[Round "1"]
[White "Radice, Luca"]
[Black "Sbarra, Marco"]
[Result "0-1"]
[WhiteElo "1969"]
[BlackElo "2245"]
[PlyCount "68"]
[EventDate "2011.11.04"]

1. d4 Nf6 2. c4 e6 3. Nc3 Bb4 4. e3 O-O 5. Bd3 d5 6. Nge2 c5 7. cxd5 exd5 8.
dxc5 Bxc5 9. O-O Re8 10. b3 Nc6 11. Bb2 Bd6 12. h3 a6 13. Rc1 Ne5 14. Bb1 Nf3+
15. Kh1 Nh2 16. Nxd5 Nxd5 17. Qxd5 Nxf1 18. Rxf1 Qe7 19. Rd1 Be6 20. Qd4 f5 21.
Nf4 Bxf4 22. Qxf4 Qf7 23. Bd4 Rac8 24. Bd3 Rc6 25. Qh4 Bd5 26. Qf4 Be6 27. Qh4
b5 28. Rg1 Bd5 29. Qf4 Be4 30. Be2 Rc2 31. Bf3 Rxf2 32. Qg3 Rc2 33. h4 Qc7 34.
Qg5 Bxf3 0-1

[Event "I Weekend A"]
[Site "Novara ITA"]
[Date "2011.11.04"]
[Round "1"]
[White "Rovedi, Mauro"]
[Black "Bellia, Fabrizio"]
[Result "0-1"]
[WhiteElo "2033"]
[BlackElo "2418"]
[PlyCount "74"]
[EventDate "2011.11.04"]

1. f4 d5 2. Nf3 Nf6 3. e3 g6 4. b3 Bg7 5. Bb2 O-O 6. Be2 c5 7. O-O Nc6 8. Ne5
d4 9. Nxc6 bxc6 10. Na3 Be6 11. Nc4 Ne4 12. d3 Bxc4 13. dxe4 d3 14. cxd3 Bxb2
15. Rb1 Bd4 16. exd4 Qxd4+ 17. Kh1 Bb5 18. Qc2 Rad8 19. Rbc1 f5 20. e5 Rd5 21.
h3 g5 22. Bf3 Bxd3 23. Bxd5+ cxd5 24. Rfd1 Bxc2 25. Rxd4 cxd4 26. Rxc2 gxf4 27.
Rd2 Kf7 28. Rxd4 Ke6 29. Rxf4 Kxe5 30. Ra4 d4 31. Kg1 Ke4 32. Kf2 Rc8 33. Rxa7
Rc2+ 34. Ke1 e5 35. g4 f4 36. g5 Ke3 37. Kd1 d3 0-1

[Event "I Weekend A"]
[Site "Novara ITA"]
[Date "2011.11.04"]
[Round "1"]
[White "Valsecchi, Alessio"]
[Black "Moroni, Luca jr"]
[Result "1-0"]
[WhiteElo "2376"]
[BlackElo "2030"]
[PlyCount "77"]
[EventDate "2011.11.04"]

1. e4 c5 2. Nf3 d6 3. d4 cxd4 4. Nxd4 Nf6 5. Nc3 a6 6. Bg5 e6 7. f4 Be7 8. Qf3
Qc7 9. O-O-O Nbd7 10. g4 h6 11. Bxf6 Bxf6 12. h4 Qb6 13. Nb3 Nc5 14. Nxc5 Qxc5
15. e5 dxe5 16. Ne4 Qc6 17. Bg2 Be7 18. fxe5 Bd7 19. Rhf1 Rf8 20. g5 hxg5 21.
hxg5 O-O-O 22. Rd3 Kb8 23. Rb3 Bc8 24. Qg3 Qc7 25. Re1 Rd4 26. Nf2 Rfd8 27.
Ree3 Qa5 28. Rec3 Rc4 29. Qf3 Rc7 30. Nd3 Bxg5+ 31. Kb1 Be7 32. a3 f5 33. exf6
Bxf6 34. Rxc7 Qxc7 35. Nc5 Ka7 36. Nxe6 Qc6 37. Qe3+ Bd4 38. Bxc6 Bxe3 39. Nxd8
1-0

[Event "I Weekend A"]
[Site "Novara ITA"]
[Date "2011.11.04"]
[Round "1"]
[White "Venturino, Federico"]
[Black "Boschetti, Claudio"]
[Result "0-1"]
[WhiteElo "1867"]
[BlackElo "2110"]
[PlyCount "98"]
[EventDate "2011.11.04"]

1. d4 b5 2. Nf3 Bb7 3. Bf4 Nf6 4. e3 a6 5. Be2 d6 6. c4 bxc4 7. Bxc4 e6 8. Nbd2
Nbd7 9. O-O Be7 10. h3 O-O 11. Rc1 c5 12. dxc5 d5 13. Be2 Nxc5 14. Be5 a5 15.
Bb5 Qb6 16. a4 Rfc8 17. Bd4 Ba6 18. Bxa6 Qxa6 19. Bxc5 Bxc5 20. Nb3 Be7 21.
Nbd4 Rxc1 22. Qxc1 Rc8 23. Qb1 Qc4 24. b3 Qc5 25. Qd3 Qb6 26. Qb5 Qc7 27. Qa6
Bb4 28. Ne5 Re8 29. Nd3 Bd2 30. Qc6 Qxc6 31. Nxc6 Ne4 32. Rd1 Kf8 33. f3 Bxe3+
34. Kh2 Nc3 35. Ra1 Bb6 36. b4 Ra8 37. b5 f6 38. f4 Kf7 39. Nb2 h5 40. g3 h4
41. g4 Bc7 42. Nd3 g5 43. Kg2 gxf4 44. Kf3 e5 45. Nc5 e4+ 46. Kf2 Bb6 47. Ke1
Bxc5 48. Kd2 d4 49. Re1 f3 0-1

[Event "I Weekend A"]
[Site "Novara ITA"]
[Date "2011.11.04"]
[Round "1"]
[White "Vezzosi, Paolo"]
[Black "Bisi, Samuele"]
[Result "1-0"]
[WhiteElo "2321"]
[BlackElo "2026"]
[PlyCount "41"]
[EventDate "2011.11.04"]

1. d4 Nf6 2. Nf3 e6 3. c4 c5 4. Nc3 cxd4 5. Nxd4 Bb4 6. Ndb5 d5 7. Bf4 O-O 8.
e3 Nc6 9. a3 Be7 10. cxd5 exd5 11. Nc7 d4 12. exd4 Bd6 13. Bxd6 Qxd6 14. Nxa8
Bg4 15. Be2 Rxa8 16. Bxg4 Nxg4 17. Qxg4 Re8+ 18. Kf1 Nxd4 19. Rd1 Qa6+ 20. Kg1
Qd3 21. h4 1-0

[Event "I Weekend A"]
[Site "Novara ITA"]
[Date "2011.11.05"]
[Round "2"]
[White "Angelini, Marco"]
[Black "Valsecchi, Alessio"]
[Result "1/2-1/2"]
[WhiteElo "2173"]
[BlackElo "2376"]
[PlyCount "99"]
[EventDate "2011.11.04"]

1. e4 c6 2. d4 d5 3. exd5 cxd5 4. Bd3 Nc6 5. c3 Nf6 6. Bf4 g6 7. Nf3 Bg7 8. O-O
O-O 9. Nbd2 Nh5 10. Bg5 h6 11. Be3 Qd6 12. Re1 f5 13. Nb3 b6 14. Qe2 f4 15. Bd2
Bg4 16. c4 e6 17. h3 Bxf3 18. Qxf3 Rf6 19. Qg4 Ne7 20. Re5 Nf5 21. Rae1 Raf8
22. cxd5 exd5 23. Bxf5 Rxf5 24. Re6 Qd7 25. Rxg6 R8f6 26. Re5 Rf7 27. Rxf5 Qxf5
28. Qxf5 Rxf5 29. Rd6 Nf6 30. f3 Kf7 31. Rc6 Ne8 32. a4 Ke7 33. a5 Kd7 34. Rg6
Rg5 35. Rxg5 hxg5 36. h4 gxh4 37. axb6 axb6 38. Bxf4 Kc6 39. Kf2 Kb5 40. Be5
Kc4 41. Nc1 Bxe5 42. dxe5 Kd4 43. f4 Ke4 44. g3 d4 45. Ne2 hxg3+ 46. Kxg3 Ke3
47. Nc1 d3 48. Nb3 Ng7 49. Kg4 b5 50. f5 1/2-1/2

[Event "I Weekend A"]
[Site "Novara ITA"]
[Date "2011.11.05"]
[Round "2"]
[White "Aranovitch, Emiliano"]
[Black "Aghayev, Miragha"]
[Result "0-1"]
[WhiteElo "2343"]
[BlackElo "2141"]
[PlyCount "86"]
[EventDate "2011.11.04"]

1. e4 c5 2. Nc3 e6 3. Nf3 a6 4. d4 cxd4 5. Nxd4 d6 6. g3 Nf6 7. Bg2 Be7 8. O-O
O-O 9. a4 Bd7 10. a5 Nc6 11. Nxc6 Bxc6 12. Be3 Rc8 13. Re1 Qc7 14. Re2 Nd7 15.
Na4 Bf6 16. c3 Bxa4 17. Qxa4 Nc5 18. Qa2 Nd3 19. Rd1 Ne5 20. Bd4 Bd8 21. b4 Bf6
22. Rc2 Nd7 23. Be3 Ne5 24. c4 Ng4 25. Bb6 Qb8 26. h3 Ne5 27. Qb3 Bd8 28. Be3
b6 29. axb6 Bxb6 30. Bxb6 Qxb6 31. Rb1 Nc6 32. c5 dxc5 33. Rxc5 Rb8 34. Qc3
Nxb4 35. h4 a5 36. h5 h6 37. g4 f6 38. Qc4 a4 39. Ra1 Nd3 40. Qxd3 Qxc5 41.
Rxa4 Rfd8 42. Qg3 e5 43. Bf1 Rd1 0-1

[Event "I Weekend A"]
[Site "Novara ITA"]
[Date "2011.11.05"]
[Round "2"]
[White "Bisi, Samuele"]
[Black "Bonade', Massimo"]
[Result "1-0"]
[WhiteElo "2026"]
[BlackElo "2074"]
[PlyCount "73"]
[EventDate "2011.11.04"]

1. d4 Nf6 2. c4 e6 3. Nf3 b6 4. a3 Bb7 5. Nc3 d5 6. cxd5 Nxd5 7. Qc2 Nxc3 8.
bxc3 Be7 9. e4 O-O 10. Bd3 c5 11. O-O Qc8 12. Qe2 cxd4 13. cxd4 Ba6 14. Bg5
Bxd3 15. Qxd3 Bxg5 16. Nxg5 Qd8 17. f4 h6 18. Nf3 Nc6 19. Kh1 Rc8 20. h3 Qd6
21. e5 Qd5 22. f5 exf5 23. Qxf5 Rfd8 24. Rad1 Na5 25. Nh4 Nc4 26. Qf4 Rd7 27.
Nf5 Rc6 28. Rd3 Rg6 29. Rg3 Kh7 30. Rff3 b5 31. h4 Qe6 32. h5 Rg5 33. Rxg5 hxg5
34. Qxg5 f6 35. Qg6+ Kh8 36. h6 Kg8 37. hxg7 1-0

[Event "I Weekend A"]
[Site "Novara ITA"]
[Date "2011.11.05"]
[Round "2"]
[White "Boschetti, Claudio"]
[Black "Vezzosi, Paolo"]
[Result "0-1"]
[WhiteElo "2110"]
[BlackElo "2321"]
[PlyCount "82"]
[EventDate "2011.11.04"]

1. e4 c5 2. d4 cxd4 3. c3 Nf6 4. e5 Nd5 5. Nf3 e6 6. cxd4 d6 7. a3 Be7 8. Bd3
Nc6 9. O-O Bd7 10. Bd2 Qc7 11. Qe2 Rc8 12. Nc3 Nxc3 13. Bxc3 d5 14. Qe3 Qd8 15.
Nd2 f5 16. Qh3 Qb6 17. Nf3 Nd8 18. g4 g6 19. gxf5 exf5 20. Qh6 Ne6 21. Kh1 Bb5
22. Qd2 Kf7 23. Rg1 Bxd3 24. Qxd3 a6 25. h4 Qb3 26. Qd2 Qb6 27. h5 Rcg8 28. Rg2
Ke8 29. Rh2 g5 30. Qc2 Rf8 31. Qa4+ Qb5 32. Qd1 Rhg8 33. Rc1 g4 34. Ng1 f4 35.
a4 Qd7 36. b3 g3 37. fxg3 fxg3 38. Rhc2 Nf4 39. Bd2 Nd3 40. Rc8+ Bd8 41. e6 g2+
0-1

[Event "I Weekend A"]
[Site "Novara ITA"]
[Date "2011.11.05"]
[Round "2"]
[White "D'Agostino, Maurizio"]
[Black "Guzzetti, Luigi Enrico"]
[Result "1-0"]
[WhiteElo "2044"]
[BlackElo "1928"]
[PlyCount "81"]
[EventDate "2011.11.04"]

1. d4 Nf6 2. Nf3 g6 3. Nbd2 Bg7 4. e4 d6 5. Bd3 O-O 6. O-O c6 7. a4 Qc7 8. Re1
Bg4 9. h3 Bxf3 10. Nxf3 e5 11. c3 Nbd7 12. Bg5 a6 13. a5 h6 14. Be3 Rfe8 15.
dxe5 dxe5 16. Qd2 Kh7 17. Qc2 c5 18. Nd2 Red8 19. Nc4 Ne8 20. Red1 b5 21. axb6
Nxb6 22. Nxb6 Qxb6 23. b4 Bf8 24. Qa2 Kg7 25. Bc4 Qc7 26. Rxd8 Rxd8 27. Qxa6
Rc8 28. b5 Rb8 29. Bd5 Nf6 30. c4 Nxd5 31. exd5 Rb6 32. Qa8 Qd6 33. Ra6 f5 34.
Rxb6 Qxb6 35. Bxh6+ Kxh6 36. Qxf8+ Kg5 37. Qe7+ Kh6 38. Qxe5 Qa5 39. f4 Kh7 40.
d6 Qd2 41. b6 1-0

[Event "I Weekend A"]
[Site "Novara ITA"]
[Date "2011.11.05"]
[Round "2"]
[White "Finocchiaro, Gianluca"]
[Black "Radice, Luca"]
[Result "1/2-1/2"]
[WhiteElo "2077"]
[BlackElo "1969"]
[PlyCount "60"]
[EventDate "2011.11.04"]

1. d4 Nf6 2. Nc3 d5 3. e4 e6 4. Bg5 dxe4 5. f3 e3 6. Bxe3 Be7 7. Bd3 Nbd7 8.
Qe2 O-O 9. O-O-O c5 10. g4 Qa5 11. g5 Nd5 12. Bd2 Nxc3 13. Bxc3 Qxa2 14. h4 Re8
15. Nh3 a6 16. h5 Nf8 17. dxc5 Bd7 18. Rhg1 e5 19. Nf2 Bxc5 20. g6 Bb5 21.
gxf7+ Qxf7 22. Rh1 Bd4 23. Bb4 Ne6 24. Bd2 Bxf2 25. Qxf2 Bxd3 26. cxd3 Nf4 27.
Bc3 Nd5 28. Bd2 Nf4 29. Bc3 Nd5 30. Bd2 Nf4 1/2-1/2

[Event "I Weekend A"]
[Site "Novara ITA"]
[Date "2011.11.05"]
[Round "2"]
[White "Monticone, Sonia"]
[Black "Castrogiovanni, Carlo"]
[Result "1/2-1/2"]
[WhiteElo "1849"]
[BlackElo "2027"]
[PlyCount "143"]
[EventDate "2011.11.04"]

1. e4 c5 2. Nf3 a6 3. c4 e6 4. d4 cxd4 5. Nxd4 Nf6 6. Nc3 Bb4 7. Qd3 d6 8. Be2
Nbd7 9. f3 Ne5 10. Qd1 Qc7 11. Qa4+ Nc6 12. Nxc6 Bxc3+ 13. bxc3 Bd7 14. Ba3
bxc6 15. Rd1 c5 16. Qc2 Bc6 17. Qd3 Rd8 18. e5 dxe5 19. Qxd8+ Qxd8 20. Rxd8+
Kxd8 21. Bxc5 Kc7 22. O-O Rd8 23. Rd1 Rxd1+ 24. Bxd1 Nd7 25. Be3 Nb6 26. Be2 a5
27. Bd3 f5 28. Kf2 Na4 29. Bd2 Bb7 30. Bc2 Nb2 31. c5 Nc4 32. Bg5 Kd7 33. Bd3
Nb2 34. Bc2 h6 35. Bc1 Nc4 36. Bb3 Bd5 37. Ba4+ Bc6 38. Bb3 Bb5 39. Bxc4 Bxc4
40. a3 Kc6 41. f4 exf4 42. Bxf4 Kxc5 43. Be5 g6 44. Bg7 h5 45. Bf6 Bd5 46. g3
Kc4 47. Ke3 Kb3 48. Kf4 Kxa3 49. Kg5 Kb3 50. Kxg6 a4 51. c4 Kxc4 52. Kxh5 Be4
53. Kg5 Kd5 54. Kf4 Bc2 55. Ba1 a3 56. Bf6 Bd1 57. Ba1 Bg4 58. h4 Bh5 59. Bf6
Bf7 60. Ba1 a2 61. Bf6 Bh5 62. Ba1 Bg4 63. Bf6 Kc4 64. Bg7 Kd3 65. Be5 Kc2 66.
Kg5 Kd3 67. Kf4 Bh5 68. Bg7 Bg4 69. Bf6 Kc4 70. Bg7 Kd3 71. Bf6 Kc4 72. Bg7
1/2-1/2

[Event "I Weekend A"]
[Site "Novara ITA"]
[Date "2011.11.05"]
[Round "2"]
[White "Naumkin, Igor"]
[Black "Fusco, Roberto"]
[Result "1-0"]
[WhiteElo "2432"]
[BlackElo "1799"]
[PlyCount "59"]
[EventDate "2011.11.04"]

1. d4 d5 2. c4 c6 3. Nf3 Nf6 4. Nc3 dxc4 5. a4 Bf5 6. e3 e6 7. Bxc4 Bb4 8. O-O
O-O 9. Nh4 Bg6 10. Nxg6 hxg6 11. Qe2 Nbd7 12. Ba2 Qe7 13. e4 e5 14. dxe5 Qxe5
15. f4 Qa5 16. e5 Bxc3 17. bxc3 Nd5 18. e6 N7f6 19. Kh1 Rfe8 20. exf7+ Kxf7 21.
Qf3 Qa6 22. c4 Nb4 23. f5 gxf5 24. Qxf5 Nxa2 25. Bb2 Qxc4 26. Bxf6 Qe6 27. Qh7
Qxf6 28. Rxf6+ Kxf6 29. Rf1+ Ke6 30. Qg6+ 1-0

[Event "I Weekend A"]
[Site "Novara ITA"]
[Date "2011.11.05"]
[Round "2"]
[White "Ranieri, Fabrizio"]
[Black "Fronzi, Ettore"]
[Result "1-0"]
[WhiteElo "2282"]
[BlackElo "1946"]
[PlyCount "104"]
[EventDate "2011.11.04"]

1. e4 e6 2. d4 d5 3. Nc3 dxe4 4. Nxe4 Bd7 5. Nf3 Bc6 6. Bd3 Nd7 7. O-O Ngf6 8.
Qe2 Bxe4 9. Bxe4 Nxe4 10. Qxe4 c6 11. Qg4 Qf6 12. c4 Be7 13. d5 h6 14. dxe6
Qxe6 15. Qxg7 Bf6 16. Qg3 O-O-O 17. Qf4 Nb6 18. Re1 Bg5 19. Rxe6 Bxf4 20. Re1
Bxc1 21. Raxc1 Rhe8 22. b3 Nd7 23. h3 Nc5 24. Rxe8 Rxe8 25. Re1 Rxe1+ 26. Nxe1
b5 27. cxb5 cxb5 28. f3 b4 29. Kf2 a5 30. Ke3 Kd7 31. Kd4 Kd6 32. Nd3 Ne6+ 33.
Kc4 Nc7 34. f4 f6 35. g3 Kc6 36. Nf2 Nd5 37. Nd1 h5 38. h4 Kd6 39. Kd4 Nc7 40.
Ne3 Ne6+ 41. Kc4 Nc5 42. Nf5+ Kc6 43. Ng7 Ne4 44. Nxh5 f5 45. Kd4 Kd6 46. g4
Nc3 47. g5 Nxa2 48. Ng7 Nc1 49. Kc4 Ne2 50. Nxf5+ Kd7 51. g6 Ke8 52. Nd6+ Ke7
1-0

[Event "I Weekend A"]
[Site "Novara ITA"]
[Date "2011.11.05"]
[Round "2"]
[White "Razzano, Lorenzo"]
[Black "Rovedi, Mauro"]
[Result "0-1"]
[WhiteElo "1964"]
[BlackElo "2033"]
[PlyCount "76"]
[EventDate "2011.11.04"]

1. Nc3 d5 2. e4 d4 3. Nce2 c5 4. Ng3 Nc6 5. Bc4 Ne5 6. Bb5+ Bd7 7. Bxd7+ Qxd7
8. f4 Nc6 9. d3 e5 10. Nf3 Bd6 11. Nf5 f6 12. g3 g6 13. Nxd6+ Qxd6 14. Qe2 Nge7
15. O-O O-O 16. fxe5 Nxe5 17. Nxe5 Qxe5 18. Bh6 Rf7 19. Rf2 Rc8 20. Raf1 Rc6
21. Qg4 Qe6 22. Qf4 Qc8 23. Qh4 Qe6 24. g4 a6 25. Qg3 Kh8 26. Kh1 Ng8 27. Bd2
Qxa2 28. Bc1 Qe6 29. g5 f5 30. Bf4 Ne7 31. Be5+ Kg8 32. Bf6 fxe4 33. Bxe7 Rxf2
34. Rxf2 Qxe7 35. dxe4 Qxe4+ 36. Kg1 Re6 37. Qc7 Qg4+ 38. Kf1 Qh3+ 0-1

[Event "I Weekend A"]
[Site "Novara ITA"]
[Date "2011.11.05"]
[Round "2"]
[White "Salvador, Roland"]
[Black "Esposito, Luca"]
[Result "1-0"]
[WhiteElo "2500"]
[BlackElo "2234"]
[PlyCount "83"]
[EventDate "2011.11.04"]

1. d4 Nf6 2. Nf3 c5 3. d5 e6 4. c4 exd5 5. cxd5 d6 6. Nc3 g6 7. Nd2 a6 8. a4
Nbd7 9. Nde4 Qe7 10. Bg5 h6 11. Bh4 g5 12. Nxf6+ Nxf6 13. Bg3 Nh5 14. e3 Nxg3
15. hxg3 Bg7 16. Bd3 O-O 17. a5 Rb8 18. Na4 Bd7 19. Nb6 Bb5 20. g4 Rbd8 21. Bb1
Rfe8 22. Qc2 Qf6 23. Qh7+ Kf8 24. Bd3 Qxb2 25. O-O Bxd3 26. Qxd3 Qb4 27. Ra4
Qc3 28. Qh7 Qf6 29. Rb1 Qg6 30. Qxg6 fxg6 31. Nc4 Rd7 32. Rb6 Be5 33. g3 Ke7
34. Ra3 Rc8 35. Rab3 Rcc7 36. f4 gxf4 37. gxf4 Bf6 38. e4 Bd4+ 39. Kg2 Rc8 40.
Rxb7 h5 41. Rxd7+ Kxd7 42. Nb6+ 1-0